000 00610nam a2200205Ia 4500
001 21280
003 GE_BSU
008 181216s||||||||xx |||||||||||||| ||und||
040 _cGE_BSU
245 _aВокруг света №10(2925) 2017.
245 _bжурнал русского географического общества
245 _cГл.ред. С. Апресов
260 _aМосква
260 _c2017
300 _a128 стр. 28см.
653 _aВокруг света №10(2925) 2017.
653 _aПериодика
653 _aპერიოდიკა
942 _cCR
999 _c54224
_d54224